[Event "Kragero Resort Chess B 2019"]
[Site "Kragero"]
[Date "2019.02.24"]
[Round "8.3"]
[White "Magnusdottir, Veronika Steinunn"]
[Black "Arntsen, Frode"]
[Result "0-1"]
[WhiteElo "1740"]
[BlackElo "1718"]
[Annotator "NA RC"]
[PlyCount "100"]
[EventDate "2019.02.20"]
[EventType "swiss"]
[EventCountry "NOR"]
[SourceTitle "playchess.com"]
[Source "ChessBase"]
[SourceQuality "1"]
[TimeControl "5400+30"]

1. e4 {[%emt 0:04:12]} d5 {[%emt 0:00:00]} 2. exd5 {[%emt 0:00:10]} Qxd5 {[%emt 0:00:00]} 3. d4 {[%emt 0:00:22]} Nf6 {[%emt 0:00:00]} 4. Nc3 {[%emt 0:00:12]} Qd6 {[%emt 0:00:00]} 5. Nf3 {[%emt 0:00:23]} c6 {[%emt 0:00:00]} 6. h3 {[%emt 0:17:07]} Bf5 {[%emt 0:02:04]} 7. g4 {[%emt 0:09:55]} Bg6 {[%emt 0:00:28]} 8. Ne5 {[%emt 0:00:13]} Nbd7 {[%emt 0:00:31]} 9. Nxg6 {[%emt 0:00:16]} hxg6 {[%emt 0:00:09]} 10. Qd3 {[%emt 0:02:35]} Nxg4 {[%emt 0:12:52]} 11. Ne4 {[%emt 0:04:33]} Qe6 {[%emt 0:05:55]} 12. Bg2 {[%emt 0:02:56]} Ngf6 {[%emt 0:00:33]} 13. Be3 {[%emt 0:00:20]} Nxe4 {[%emt 0:00:41]} 14. Qxe4 {[%emt 0:11:49]} Qxe4 {[%emt 0:00:16]} 15. Bxe4 {[%emt 0:00:05]} e6 {[%emt 0:03:06]} 16. O-O-O {[%emt 0:00:56]} Nf6 {[%emt 0:00:33]} 17. Bg2 {[%emt 0:00:43]} Be7 {[%emt 0:17:01]} 18. Bf4 {[%emt 0:00:51]} Nd5 {[%emt 0:01:34]} 19. Be5 {[%emt 0:03:27]} Bf6 {[%emt 0:01:39]} 20. Bd6 {[%emt 0:01:18]} Rd8 {[%emt 0:01:45]} 21. Bc5 {[%emt 0:00:31]} Nf4 {[%emt 0:00:59]} 22. Be4 {[%emt 0:09:17]} Bxd4 {[%emt 0:08:15]} 23. Rxd4 {[%emt 0:09:09]} Rxd4 {[%emt 0:02:42]} 24. Bxd4 {[%emt 0:02:05]} Ne2+ {[%emt 0:00:06]} 25. Kd2 {[%emt 0:00:31]} Nxd4 {[%emt 0:00:07]} 26. Kd3 {[%emt 0:02:58]} Nf5 {[%emt 0:00:47]} 27. c4 {[%emt 0:02:03]} Ke7 {[%emt 0:00:28]} 28. c5 {[%emt 0:02:09]} e5 {[%emt 0:04:00]} 29. b4 {[%emt 0:02:26]} Nd4 {[%emt 0:01:24]} 30. Bg2 {[%emt 0:00:49]} g5 {[%emt 0:02:00]} 31. Re1 {[%emt 0:00:50]} Ke6 {[%emt 0:00:59]} 32. a4 {[%emt 0:03:08]} a6 {[%emt 0:00:14]} 33. Kc3 {[%emt 0:05:58]} f5 {[%emt 0:04:18]} 34. Bf1 {[%emt 0:01:02]} Rh4 {[%emt 0:03:13]} 35. Bc4+ {[%emt 0:00:33]} Kf6 {[%emt 0:00:38]} 36. Re3 {[%emt 0:00:07]} Rf4 {[%emt 0:01:09]} 37. Rd3 {[%emt 0:01:27]} Rxf2 {[%emt 0:00:41]} 38. b5 {[%emt 0:00:27]} axb5 {[%emt 0:01:54]} 39. axb5 {[%emt 0:00:08]} cxb5 {[%emt 0:00:50]} 40. Bd5 {[%emt 0:00:08]} Rc2+ {[%emt 0:02:14]} 41. Kb4 {[%emt 0:00:27]} Ke7 {[%emt 0:07:04]} 42. Bxb7 {[%emt 0:00:16]} Kd8 {[%emt 0:00:40]} 43. Ra3 {[%emt 0:01:48]} e4 {[%emt 0:03:02]} 44. Bd5 {[%emt 0:00:27]} Ke7 {[%emt 0:03:16]} 45. Ra6 {[%emt 0:00:39]} e3 {[%emt 0:01:31]} 46. Ra7+ {[%emt 0:00:40]} Kf6 {[%emt 0:00:24]} 47. c6 {[%emt 0:00:31]} Nxc6+ {[%emt 0:00:48]} 48. Bxc6 {[%emt 0:00:27]} Rxc6 {[%emt 0:00:10]} 49. Kxb5 {[%emt 0:00:15]} Re6 {[%emt 0:00:25]} 50. Ra1 {[%emt 0:00:23]} e2 {[%emt 0:00:30]} 0-1

[Event "Kragero Resort Chess B 2019"]
[Site "Kragero"]
[Date "2019.02.24"]
[Round "8.4"]
[White "Austad, Eirik"]
[Black "Opseth, Oliver"]
[Result "1-0"]
[WhiteElo "1629"]
[BlackElo "1750"]
[Annotator "NA RC"]
[PlyCount "65"]
[EventDate "2019.02.20"]
[EventType "swiss"]
[EventCountry "NOR"]
[SourceTitle "playchess.com"]
[Source "ChessBase"]
[SourceQuality "1"]
[TimeControl "5400+30"]

1. c4 {[%emt 0:01:29]} Nf6 {[%emt 0:00:00]} 2. Nc3 {[%emt 0:00:17]} g6 {[%emt 0:00:00]} 3. g3 {[%emt 0:08:54]} Bg7 {[%emt 0:00:30]} 4. Bg2 {[%emt 0:00:26]} d6 {[%emt 0:01:04]} 5. d4 {[%emt 0:01:02]} O-O {[%emt 0:01:03]} 6. Nf3 {[%emt 0:05:56]} Nbd7 {[%emt 0:00:05]} 7. O-O {[%emt 0:02:41]} e5 {[%emt 0:03:13]} 8. d5 {[%emt 0:10:05]} Ne8 {[%emt 0:06:21]} 9. b4 {[%emt 0:03:53]} f5 {[%emt 0:08:03]} 10. Ba3 {[%emt 0:06:43]} g5 {[%emt 0:05:24]} 11. Rc1 {[%emt 0:11:07]} h5 {[%emt 0:05:04]} 12. c5 {[%emt 0:04:20]} e4 {[%emt 0:04:05]} 13. Nd4 {[%emt 0:01:10]} Ne5 {[%emt 0:00:46]} 14. Qb3 {[%emt 0:10:56]} Rf6 {[%emt 0:08:54]} 15. Na4 {[%emt 0:03:42]} h4 {[%emt 0:01:45]} 16. b5 {[%emt 0:00:58]} Rh6 {[%emt 0:01:57]} 17. b6 {[%emt 0:05:01]} Ng4 {[%emt 0:03:06]} 18. Ne6 {[%emt 0:00:34]} Qf6 {[%emt 0:02:54]} 19. Bb2 {[%emt 0:04:40]} Qg6 {[%emt 0:00:21]} 20. Bxg7 {[%emt 0:00:36]} Nxg7 {[%emt 0:00:22]} 21. Nxc7 {[%emt 0:01:20]} e3 {[%emt 0:02:09]} 22. f3 {[%emt 0:03:36]} Nxh2 {[%emt 0:01:53]} 23. Qxe3 {[%emt 0:03:08]} f4 {[%emt 0:01:19]} 24. gxf4 {[%emt 0:00:36]} gxf4 {[%emt 0:01:50]} 25. Qxf4 {[%emt 0:00:57]} Nxf1 {[%emt 0:00:58]} 26. Kxf1 {[%emt 0:01:01]} h3 {[%emt 0:00:31]} 27. Bh1 {[%emt 0:00:27]} h2 {[%emt 0:00:47]} 28. Ke1 {[%emt 0:00:53]} Nf5 {[%emt 0:06:23]} 29. Qg4 {[%emt 0:00:51]} Bd7 {[%emt 0:01:07]} 30. Nxa8 {[%emt 0:00:20]} Bxa4 {[%emt 0:01:35]} 31. c6 {[%emt 0:00:24]} bxc6 {[%emt 0:00:38]} 32. b7 {[%emt 0:00:12]} Rh4 {[%emt 0:00:25]} 33. Qxg6+ {[%emt 0:00:11]} 1-0

[Event "Kragero Resort Chess B 2019"]
[Site "Kragero"]
[Date "2019.02.24"]
[Round "8.5"]
[White "Leonhardsen, Vebjorn Maanum"]
[Black "Thorstensen, Martin"]
[Result "0-1"]
[WhiteElo "1748"]
[BlackElo "1717"]
[Annotator "NA RC"]
[PlyCount "56"]
[EventDate "2019.02.20"]
[EventType "swiss"]
[EventCountry "NOR"]
[SourceTitle "playchess.com"]
[Source "ChessBase"]
[SourceQuality "1"]
[TimeControl "5400+30"]

1. c4 {[%emt 0:02:30]} e5 {[%emt 0:00:10]} 2. g3 {[%emt 0:00:06]} Nf6 {[%emt 0:00:29]} 3. Bg2 {[%emt 0:01:01]} Bc5 {[%emt 0:00:51]} 4. d3 {[%emt 0:03:30]} Nc6 {[%emt 0:01:53]} 5. Nf3 {[%emt 0:00:17]} d6 {[%emt 0:00:32]} 6. O-O {[%emt 0:01:05]} h6 {[%emt 0:00:36]} 7. b3 {[%emt 0:04:26]} Rb8 {[%emt 0:08:48]} 8. Bb2 {[%emt 0:05:35]} a6 {[%emt 0:01:39]} 9. d4 {[%emt 0:02:19]} exd4 {[%emt 0:04:16]} 10. Nxd4 {[%emt 0:00:13]} Ne7 {[%emt 0:02:07]} 11. Nd2 {[%emt 0:01:53]} O-O {[%emt 0:01:46]} 12. N2f3 {[%emt 0:04:13]} Ng6 {[%emt 0:02:02]} 13. Qc2 {[%emt 0:01:54]} Re8 {[%emt 0:11:22]} 14. Rad1 {[%emt 0:07:20]} Bd7 {[%emt 0:06:34]} 15. a3 {[%emt 0:02:34]} a5 {[%emt 0:04:48]} 16. Rfe1 {[%emt 0:03:29]} Qc8 {[%emt 0:02:02]} 17. Nd2 {[%emt 0:06:07]} Ne7 {[%emt 0:09:58]} 18. Qc3 {[%emt 0:01:19]} Nc6 {[%emt 0:02:14]} 19. Nxc6 {[%emt 0:02:33]} Bxc6 {[%emt 0:00:26]} 20. Bxc6 {[%emt 0:02:58]} bxc6 {[%emt 0:00:14]} 21. Ra1 {[%emt 0:03:05]} Qf5 {[%emt 0:01:10]} 22. Nf3 {[%emt 0:01:40]} Bxf2+ {[%emt 0:01:57]} 23. Kg2 {[%emt 0:00:35]} Bxe1 {[%emt 0:00:16]} 24. Rxe1 {[%emt 0:00:04]} c5 {[%emt 0:02:47]} 25. Qxa5 {[%emt 0:00:48]} Rxb3 {[%emt 0:01:51]} 26. Bxf6 {[%emt 0:00:27]} Qxf6 {[%emt 0:01:45]} 27. Qa4 {[%emt 0:00:28]} Rbe3 {[%emt 0:03:17]} 28. Kf2 {[%emt 0:00:27]} Qc3 {[%emt 0:03:44]} 0-1

[Event "Kragero Resort Chess B 2019"]
[Site "Kragero"]
[Date "2019.02.24"]
[Round "8.6"]
[White "Hausken, Andreas Skrede"]
[Black "Solaas, Timian Martinius Ma"]
[Result "1-0"]
[WhiteElo "1752"]
[BlackElo "1666"]
[Annotator "NA RC"]
[PlyCount "119"]
[EventDate "2019.02.20"]
[EventType "swiss"]
[EventCountry "NOR"]
[SourceTitle "playchess.com"]
[Source "ChessBase"]
[SourceQuality "1"]
[TimeControl "5400+30"]

1. e4 {[%emt 0:00:00]} e6 {[%emt 0:00:00]} 2. d4 {[%emt 0:00:15]} d5 {[%emt 0:00:00]} 3. Nd2 {[%emt 0:00:12]} Nf6 {[%emt 0:00:14]} 4. e5 {[%emt 0:00:14]} Nfd7 {[%emt 0:00:16]} 5. Bd3 {[%emt 0:00:07]} c5 {[%emt 0:00:18]} 6. c3 {[%emt 0:00:07]} Nc6 {[%emt 0:00:13]} 7. Ne2 {[%emt 0:00:10]} Be7 {[%emt 0:01:10]} 8. O-O {[%emt 0:01:44]} O-O {[%emt 0:00:39]} 9. a3 {[%emt 0:06:29]} c4 {[%emt 0:01:52]} 10. Bc2 {[%emt 0:05:03]} b5 {[%emt 0:00:46]} 11. f4 {[%emt 0:01:24]} f5 {[%emt 0:01:39]} 12. exf6 {[%emt 0:03:21]} Nxf6 {[%emt 0:01:49]} 13. Ng3 {[%emt 0:02:12]} Bd7 {[%emt 0:03:00]} 14. Nf3 {[%emt 0:01:07]} a5 {[%emt 0:02:48]} 15. Qe2 {[%emt 0:05:29]} Re8 {[%emt 0:03:52]} 16. Ng5 {[%emt 0:01:35]} Bf8 {[%emt 0:01:22]} 17. Nh5 {[%emt 0:12:47]} g6 {[%emt 0:06:56]} 18. Nxf6+ {[%emt 0:10:20]} Qxf6 {[%emt 0:00:28]} 19. h4 {[%emt 0:01:32]} h6 {[%emt 0:08:01]} 20. Nf3 {[%emt 0:00:25]} h5 {[%emt 0:01:21]} 21. Ne5 {[%emt 0:00:54]} Nxe5 {[%emt 0:01:15]} 22. fxe5 {[%emt 0:00:14]} Qxh4 {[%emt 0:01:12]} 23. Bxg6 {[%emt 0:00:51]} Re7 {[%emt 0:02:23]} 24. Qxh5 {[%emt 0:00:42]} Qxh5 {[%emt 0:00:39]} 25. Bxh5 {[%emt 0:00:06]} Be8 {[%emt 0:03:24]} 26. Bg4 {[%emt 0:02:15]} Ra6 {[%emt 0:09:09]} 27. Rf2 {[%emt 0:02:21]} Rh7 {[%emt 0:03:32]} 28. Rf6 {[%emt 0:01:35]} Bf7 {[%emt 0:01:32]} 29. Bd2 {[%emt 0:02:01]} Bg7 {[%emt 0:07:13]} 30. Rf2 {[%emt 0:00:15]} Bg6 {[%emt 0:02:10]} 31. Bg5 {[%emt 0:01:53]} Bd3 {[%emt 0:03:01]} 32. Be2 {[%emt 0:01:22]} Bh6 {[%emt 0:08:13]} 33. Bxd3 {[%emt 0:01:23]} cxd3 {[%emt 0:00:46]} 34. Bxh6 {[%emt 0:00:15]} Rxh6 {[%emt 0:00:15]} 35. Rf3 {[%emt 0:00:31]} Ra7 {[%emt 0:00:57]} 36. Rxd3 {[%emt 0:01:27]} Rah7 {[%emt 0:00:56]} 37. Rg3+ {[%emt 0:00:30]} Kf7 {[%emt 0:00:45]} 38. Rf1+ {[%emt 0:00:44]} Ke7 {[%emt 0:00:13]} 39. Kf2 {[%emt 0:01:34]} Rf7+ {[%emt 0:00:10]} 40. Rf3 {[%emt 0:00:55]} Rg7 {[%emt 0:00:45]} 41. Rg1 {[%emt 0:01:57]} Rhg6 {[%emt 0:00:49]} 42. g3 {[%emt 0:00:32]} Rh6 {[%emt 0:00:50]} 43. Ke2 {[%emt 0:00:11]} Rh2+ {[%emt 0:00:34]} 44. Rf2 {[%emt 0:00:12]} Rh3 {[%emt 0:00:36]} 45. Rfg2 {[%emt 0:00:11]} Rg4 {[%emt 0:00:36]} 46. Kd2 {[%emt 0:00:07]} Kf7 {[%emt 0:00:41]} 47. Kc2 {[%emt 0:00:19]} a4 {[%emt 0:00:17]} 48. b3 {[%emt 0:01:14]} Kg6 {[%emt 0:00:26]} 49. bxa4 {[%emt 0:00:41]} bxa4 {[%emt 0:00:16]} 50. Kd3 {[%emt 0:00:09]} Kg5 {[%emt 0:01:49]} 51. c4 {[%emt 0:00:26]} Re4 {[%emt 0:00:22]} 52. cxd5 {[%emt 0:00:56]} exd5 {[%emt 0:00:11]} 53. Re2 {[%emt 0:00:08]} Rg4 {[%emt 0:00:20]} 54. Re3 {[%emt 0:01:12]} Rh2 {[%emt 0:00:30]} 55. e6 {[%emt 0:07:09]} Ra2 {[%emt 0:00:33]} 56. Re5+ {[%emt 0:00:11]} Kg6 {[%emt 0:00:53]} 57. e7 {[%emt 0:01:14]} Rxa3+ {[%emt 0:00:33]} 58. Kc2 {[%emt 0:00:18]} Ra2+ {[%emt 0:01:16]} 59. Kb1 {[%emt 0:00:17]} Kh7 {[%emt 0:01:46]} 60. Kxa2 {[%emt 0:00:27]} 1-0

[Event "Kragero Resort Chess B 2019"]
[Site "Kragero"]
[Date "2019.02.24"]
[Round "8.7"]
[White "Khoo-Thwe, Louis"]
[Black "Omtvedt, Per"]
[Result "1-0"]
[WhiteElo "1673"]
[BlackElo "1918"]
[Annotator "NA RC"]
[PlyCount "69"]
[EventDate "2019.02.20"]
[EventType "swiss"]
[EventCountry "NOR"]
[SourceTitle "playchess.com"]
[Source "ChessBase"]
[SourceQuality "1"]
[TimeControl "5400+30"]

1. e4 {[%emt 0:00:00]} d5 {[%emt 0:00:19]} 2. exd5 {[%emt 0:00:08]} Qxd5 {[%emt 0:00:07]} 3. Nc3 {[%emt 0:00:10]} Qd6 {[%emt 0:00:42]} 4. d4 {[%emt 0:00:45]} c6 {[%emt 0:00:16]} 5. Nf3 {[%emt 0:00:12]} Nf6 {[%emt 0:01:01]} 6. Bd3 {[%emt 0:01:10] B01: Scandinavian Defence} (6. g3 Bf5 7. Bg2 h6 8. O-O e6 9. Na4 Nbd7 10. Bf4 Qe7 11. c4 g5 12. Be3 Bg7 13. Qb3 Rb8 {1-0 (88) Grandelius,N (2655)-Andreikin,D (2723) Porto Carras 2018}) 6... g6 {[%emt 0:00:22]} 7. O-O {[%emt 0:00:19]} Bg7 {[%emt 0:00:23]} 8. Re1 {[%emt 0:01:01]} O-O {[%emt 0:00:26]} 9. h3 {[%emt 0:02:31]} Nbd7 {[%emt 0:02:14] LiveBook: 7 Games} 10. Be3 {[%emt 0:02:06]} Nb6 {[%emt 0:00:57]} 11. Nb1 $146 {[%emt 0:06:45]} ({Predecessor:} 11. Qd2 Be6 12. Bh6 Bc4 13. Bxg7 Kxg7 {0-1 (51) Gileva,M (1835)-Karavaeva,A (1831) Togliatti 2012}) 11... Nbd5 {[%emt 0:01:22]} 12. c4 {[%emt 0:00:30]} Nxe3 {[%emt 0:02:29]} 13. fxe3 {[%emt 0:00:25]} Nd7 {[%emt 0:06:01]} ({Black should play} 13... Qg3 $17 14. Kh1 b6) 14. Nc3 {[%emt 0:02:40]} e5 {[%emt 0:00:54]} 15. d5 {[%emt 0:02:14]} f5 {[%emt 0:01:24]} 16. e4 {[%emt 0:02:02]} Nc5 {[%emt 0:02:43]} 17. Bc2 {[%emt 0:02:45]} fxe4 {[%emt 0:02:41]} (17... Kh8 $11) 18. Nxe4 {[%emt 0:00:15]} Nxe4 {[%emt 0:00:24]} 19. Bxe4 {[%emt 0:00:08]} Qc5+ {[%emt 0:02:18]} 20. Kh1 {[%emt 0:00:33]} Bf5 {[%emt 0:00:48]} 21. Bxf5 $11 {[%emt 0:02:51]} Rxf5 {[%emt 0:00:43]} 22. Qb3 {[%emt 0:06:25]} b6 {[%emt 0:08:36]} 23. g4 {[%emt 0:04:45]} Rf4 {[%emt 0:00:29]} 24. Nxe5 {[%emt 0:01:44]} Bxe5 {[%emt 0:00:31]} 25. Rxe5 {[%emt 0:00:08]} Qxc4 {[%emt 0:01:01]} 26. dxc6 {[%emt 0:00:55]} Rc8 {[%emt 0:01:49]} 27. Re6 {[%emt 0:01:07]} Kg7 {[%emt 0:04:43]} 28. Re7+ {[%emt 0:02:48]} Kh6 {[%emt 0:01:24]} 29. Qxc4 {[%emt 0:09:06]} Rxc4 {[%emt 0:00:02]} 30. Rg1 {[%emt 0:00:23]} Kg5 {[%emt 0:00:18]} 31. Rxh7 {[%emt 0:00:15]} R8xc6 {[%emt 0:01:45]} 32. Rxa7 {[%emt 0:00:34]} Rc2 {[%emt 0:00:36]} 33. Rf7 {[%emt 0:02:49]} Rxb2 {[%emt 0:01:07]} 34. h4+ {[%emt 0:00:32]} Kxh4 {[%emt 0:00:54]} 35. g5 {[%emt 0:00:06]} 1-0

[Event "Kragero Resort Chess B 2019"]
[Site "Kragero"]
[Date "2019.02.24"]
[Round "8.8"]
[White "Berg, Thomas"]
[Black "Fjellheim, Benjamin"]
[Result "1/2-1/2"]
[WhiteElo "2235"]
[BlackElo "1757"]
[Annotator "TA"]
[PlyCount "33"]
[EventDate "2019.02.20"]
[EventType "swiss"]
[EventCountry "NOR"]
[SourceTitle "playchess.com"]
[Source "ChessBase"]
[SourceQuality "1"]

{[%evp 15,33,-21,0,0,4,7,12,0,35,29,31,6,19,7,7,16,62,50,50,51]} 1. e4 c5 2. Nc3 Nc6 3. g3 d6 4. Bg2 g6 5. d3 Bg7 6. Be3 e5 7. Qd2 Nge7 8. Nge2 Be6 9. O-O {B26: Closed Sicilian: 3 g3, lines with early Be3} Qd7 (9... O-O 10. f4 exf4 11. Nxf4 Qd7 12. Rab1 Bd4 13. Bxd4 Nxd4 14. Rbe1 Rae8 15. e5 d5 16. Nd1 Rd8 17. Nxe6 fxe6 18. Ne3 Rxf1+ {½-½ (18) Moiseenko,V (2404)-Kalinichev,A (2405) Moscow 2009}) 10. Nd5 O-O 11. Bh6 {The position is equal.} (11. c4 {is interesting.} Nd4 12. Nxd4 cxd4 13. Bh6 Bxh6 14. Qxh6 f6 15. Rac1) 11... f5 (11... Bxh6 {is more complex.} 12. Qxh6 Bxd5 13. exd5 Nb4 14. c4 Nc2) 12. Bxg7 Kxg7 13. Nxe7 $146 ({Predecessor:} 13. f4 Rab8 14. c4 Nd4 15. Nxd4 exd4 16. a4 Nc6 17. b4 Bxd5 {0-1 (74) Dvorsky,D (1345)-Bergen,K (1858) Bled 2018}) 13... Nxe7 14. exf5 Nxf5 15. f4 exf4 16. Nxf4 Rae8 17. Rae1 1/2-1/2

[Event "Kragero Resort Chess B 2019"]
[Site "Kragero"]
[Date "2019.02.24"]
[Round "9.1"]
[White "Arntsen, Frode"]
[Black "Tumanyan, Simon H."]
[Result "0-1"]
[WhiteElo "1718"]
[BlackElo "1704"]
[Annotator "NA RC"]
[PlyCount "52"]
[EventDate "2019.02.20"]
[EventType "swiss"]
[EventCountry "NOR"]
[SourceTitle "playchess.com"]
[Source "ChessBase"]
[SourceQuality "1"]
[TimeControl "5400+30"]

1. c4 {[%emt 0:00:00]} Nf6 {[%emt 0:00:00]} 2. g3 {[%emt 0:00:00]} g6 {[%emt 0:00:00]} 3. Bg2 {[%emt 0:00:00]} Bg7 {[%emt 0:00:03]} 4. Nc3 {[%emt 0:00:02]} d6 {[%emt 0:00:11]} 5. d3 {[%emt 0:00:42]} O-O {[%emt 0:00:18]} 6. Nf3 {[%emt 0:00:37]} e5 {[%emt 0:00:04]} 7. O-O {[%emt 0:00:22]} c6 {[%emt 0:00:11]} 8. h3 {[%emt 0:11:04]} Na6 {[%emt 0:01:03]} 9. e4 {[%emt 0:02:41]} Ne8 {[%emt 0:01:02]} 10. Nh4 {[%emt 0:07:21]} f5 {[%emt 0:01:25]} 11. exf5 {[%emt 0:04:47]} gxf5 {[%emt 0:00:19]} 12. f4 {[%emt 0:02:19]} exf4 {[%emt 0:01:56]} 13. Bxf4 {[%emt 0:00:27]} Qb6+ {[%emt 0:00:07]} 14. Kh2 {[%emt 0:02:28]} Qxb2 {[%emt 0:00:16]} 15. Nd5 {[%emt 0:13:24]} cxd5 {[%emt 0:00:55]} 16. Rb1 {[%emt 0:00:46]} Qxa2 {[%emt 0:00:39]} 17. Qf3 {[%emt 0:04:40]} dxc4 {[%emt 0:01:49]} 18. Rbe1 {[%emt 0:09:44]} cxd3 {[%emt 0:04:29]} 19. Qxd3 {[%emt 0:07:42]} Nc5 {[%emt 0:00:52]} 20. Qd1 {[%emt 0:02:10]} Ne4 {[%emt 0:00:50]} 21. g4 {[%emt 0:01:39]} Nc3 {[%emt 0:02:44]} 22. Qf3 {[%emt 0:02:52]} fxg4 {[%emt 0:02:19]} 23. hxg4 {[%emt 0:00:43]} Nf6 {[%emt 0:00:51]} 24. Nf5 {[%emt 0:02:42]} Nxg4+ {[%emt 0:00:27]} 25. Qxg4 {[%emt 0:01:14]} Bxf5 {[%emt 0:00:07]} 26. Qh5 {[%emt 0:02:02]} Be4 {[%emt 0:01:02]} 0-1

[Event "Kragero Resort Chess B 2019"]
[Site "Kragero"]
[Date "2019.02.24"]
[Round "9.2"]
[White "Thorstensen, Martin"]
[Black "Wright, Haakon"]
[Result "0-1"]
[WhiteElo "1717"]
[BlackElo "1750"]
[Annotator "NA RC"]
[PlyCount "111"]
[EventDate "2019.02.20"]
[EventType "swiss"]
[EventCountry "NOR"]
[SourceTitle "playchess.com"]
[Source "ChessBase"]
[SourceQuality "1"]
[TimeControl "5400+30"]

1. e4 {[%emt 0:02:14]} c5 {[%emt 0:00:00]} 2. Nf3 {[%emt 0:00:23]} g6 {[%emt 0:00:00]} 3. Bc4 {[%emt 0:00:13]} Bg7 {[%emt 0:00:00]} 4. Nc3 {[%emt 0:00:26]} Nc6 {[%emt 0:00:00]} 5. a3 {[%emt 0:00:21]} Nf6 {[%emt 0:00:40]} 6. d3 {[%emt 0:00:27]} O-O {[%emt 0:00:07]} 7. O-O {[%emt 0:00:14]} e6 {[%emt 0:00:21]} 8. Bg5 {[%emt 0:02:10]} h6 {[%emt 0:01:50]} 9. Bd2 {[%emt 0:03:55]} d5 {[%emt 0:01:07]} 10. exd5 {[%emt 0:03:12]} exd5 {[%emt 0:00:15]} 11. Ba2 {[%emt 0:00:40]} Re8 {[%emt 0:09:37]} 12. h3 {[%emt 0:01:08]} a6 {[%emt 0:05:49]} 13. Rb1 {[%emt 0:02:52]} b5 {[%emt 0:06:03]} 14. Re1 {[%emt 0:01:13]} Rxe1+ {[%emt 0:02:24]} 15. Qxe1 {[%emt 0:00:09]} Qd6 {[%emt 0:02:36]} 16. Ne2 {[%emt 0:02:15]} Bb7 {[%emt 0:06:38]} 17. Ng3 {[%emt 0:03:14]} Re8 {[%emt 0:01:35]} 18. Qc1 {[%emt 0:01:11]} Kh7 {[%emt 0:01:51]} 19. Bf4 {[%emt 0:08:32]} Qd7 {[%emt 0:03:27]} 20. c3 {[%emt 0:01:28]} Ng8 {[%emt 0:03:56]} 21. Qc2 {[%emt 0:03:59]} d4 {[%emt 0:05:38]} 22. Re1 {[%emt 0:03:29]} Rxe1+ {[%emt 0:01:24]} 23. Nxe1 {[%emt 0:01:16]} dxc3 {[%emt 0:01:28]} 24. bxc3 {[%emt 0:00:33]} Ne5 {[%emt 0:04:36]} 25. Ne4 {[%emt 0:02:24]} Qe7 {[%emt 0:10:23]} 26. Nxc5 {[%emt 0:05:39]} Qxc5 {[%emt 0:01:14]} 27. d4 {[%emt 0:00:22]} Qxa3 {[%emt 0:02:17]} 28. Bxe5 {[%emt 0:02:57]} Qe7 {[%emt 0:04:37]} 29. Qb3 {[%emt 0:05:32]} Bxe5 {[%emt 0:03:03]} 30. dxe5 {[%emt 0:00:11]} Kg7 {[%emt 0:03:51]} 31. f4 {[%emt 0:01:39]} Bc8 {[%emt 0:00:35]} 32. Qb4 {[%emt 0:05:25]} Be6 {[%emt 0:05:08]} 33. Bb1 {[%emt 0:03:08]} Qa7+ {[%emt 0:02:20]} 34. Qd4 {[%emt 0:01:07]} Qxd4+ {[%emt 0:02:25]} 35. cxd4 {[%emt 0:00:11]} a5 {[%emt 0:01:04]} 36. Be4 {[%emt 0:00:08]} Ne7 {[%emt 0:00:45]} 37. Nc2 {[%emt 0:01:56]} Nd5 {[%emt 0:04:25]} 38. g3 {[%emt 0:02:05]} b4 {[%emt 0:01:17]} 39. Kf1 {[%emt 0:00:48]} Nc3 {[%emt 0:01:38]} 40. Bg2 {[%emt 0:01:29]} b3 {[%emt 0:01:48]} 41. Na3 {[%emt 0:00:10]} b2 {[%emt 0:00:12]} 42. Ke1 {[%emt 0:00:17]} Nb5 {[%emt 0:01:16]} 43. Nb1 {[%emt 0:00:28]} Bf5 {[%emt 0:00:43]} 44. Nd2 {[%emt 0:00:48]} Nxd4 {[%emt 0:00:20]} 45. g4 {[%emt 0:00:48]} Nb3 {[%emt 0:00:43]} 46. Bd5 {[%emt 0:01:35]} Nxd2 {[%emt 0:00:55]} 47. Ba2 {[%emt 0:00:09]} b1=Q+ {[%emt 0:00:30]} 48. Bxb1 {[%emt 0:00:04]} Bxb1 {[%emt 0:00:29]} 49. Kxd2 {[%emt 0:00:04]} Be4 {[%emt 0:00:25]} 50. Kc3 {[%emt 0:04:13]} g5 {[%emt 0:00:13]} 51. f5 {[%emt 0:00:22]} Bg2 {[%emt 0:00:13]} 52. Kd4 {[%emt 0:00:35]} a4 {[%emt 0:00:33]} 53. Kc3 {[%emt 0:00:11]} Bxh3 {[%emt 0:00:11]} 54. Kb4 {[%emt 0:00:04]} Bxg4 {[%emt 0:00:06]} 55. f6+ {[%emt 0:00:04]} Kg6 {[%emt 0:00:05]} 56. Kb5 0-1